[Event "26th WSCC 2016 Open 65+"]
[Site "Marianske Lazne, Czech Republi"]
[Date "2016.11.30"]
[Round "11.100"]
[White "Hutchinson, Norman A"]
[Black "Bernhoeft, Erhard"]
[Result "1-0"]
[WhiteElo "2062"]
[BlackElo "1962"]
[PlyCount "40"]
[EventDate "2016.11.19"]

1. e4 c5 2. c3 Qa5 3. Nf3 Nc6 4. Na3 g6 5. Bc4 e6 6. O-O Bg7 7. d3 a6 8. Bf4 b5
9. Bb3 Nge7 10. Qd2 Nd8 11. Bh6 O-O 12. Bxg7 Kxg7 13. Qg5 Nec6 14. Qxc5 Qc7 15.
Nc2 d6 16. Qg5 h6 17. Qg3 Ne7 18. Ne3 Bb7 19. Rac1 f5 20. exf5 exf5 1-0

[Event "26th WSCC 2016 Open 65+"]
[Site "Marianske Lazne, Czech Republi"]
[Date "2016.11.30"]
[Round "11.101"]
[White "Brda, Vlastimil"]
[Black "De Giorgis, Georges"]
[Result "0-1"]
[WhiteElo "1234"]
[BlackElo "1653"]
[PlyCount "70"]
[EventDate "2016.11.19"]

1. g3 d5 2. d4 c5 3. dxc5 e5 4. b4 Nf6 5. Bh3 Nc6 6. a3 d4 7. Bg5 Be7 8. Nd2
Qd5 9. f3 O-O 10. Bxf6 Bxf6 11. Ne4 Be7 12. Qd2 f5 13. Nc3 Qc4 14. Nd1 Be6 15.
Nb2 Qc3 16. Qxc3 dxc3 17. Nd1 Nd4 18. Rc1 Nb5 19. a4 Nc7 20. Nxc3 Rad8 21. e3
Bc4 22. Nge2 Nd5 23. Nxd5 Rxd5 24. f4 Bxe2 25. Kxe2 exf4 26. gxf4 Rfd8 27. Bg2
Rd2+ 28. Kf3 b6 29. cxb6 axb6 30. c3 g6 31. Bf1 Bh4 32. Bc4+ Kg7 33. Rcf1 Ra2
34. a5 bxa5 35. Rd1 Rf2# 0-1

[Event "26th WSCC 2016 Open 65+"]
[Site "Marianske Lazne, Czech Republi"]
[Date "2016.11.30"]
[Round "11.102"]
[White "Haupt, Joachim"]
[Black "Drozdov, Vladimir E"]
[Result "0-1"]
[WhiteElo "1812"]
[BlackElo "1919"]
[PlyCount "68"]
[EventDate "2016.11.19"]

1. c4 e5 2. Nc3 Nf6 3. g3 d5 4. cxd5 Nxd5 5. Bg2 Nb6 6. Nf3 Nc6 7. O-O Be7 8.
b3 O-O 9. Bb2 Bg4 10. h3 Bh5 11. d3 Qd7 12. Kh2 Rad8 13. Rc1 Rfe8 14. Ne4 f5
15. Nc5 Bxc5 16. Rxc5 e4 17. Ne5 Nxe5 18. Bxe5 exd3 19. Qxd3 Qe7 20. Qc3 Nd7
21. Bd5+ Kh8 22. Bxc7 Qxc5 23. Qxc5 Nxc5 24. Bxd8 Rxd8 25. Bf3 Bxf3 26. exf3
Kg8 27. Rc1 b6 28. Rc2 Kf7 29. b4 Ne6 30. Kg2 Rd4 31. a3 Rd3 32. Ra2 Nd4 33. a4
Nxf3 34. Kf1 Nd4 0-1

[Event "26th WSCC 2016 Open 65+"]
[Site "Marianske Lazne, Czech Republi"]
[Date "2016.11.30"]
[Round "11.103"]
[White "Schmitt, Karl"]
[Black "Malinovsky, Jozef"]
[Result "0-1"]
[WhiteElo "1899"]
[BlackElo "1794"]
[PlyCount "50"]
[EventDate "2016.11.19"]

1. c4 e5 2. e3 Nf6 3. Nc3 d6 4. Qc2 Nc6 5. a3 Bg4 6. Be2 g6 7. Nf3 Bg7 8. Rb1
O-O 9. b4 e4 10. Ng5 Bxe2 11. Kxe2 Re8 12. Ncxe4 Nxe4 13. Nxe4 f5 14. b5 Nd4+
15. exd4 Rxe4+ 16. Kf1 Bxd4 17. d3 Re6 18. Bb2 Qf6 19. g3 Rae8 20. Bxd4 Qxd4
21. Rg1 Qg4 22. Kg2 Re2 23. Qc1 Rxf2+ 24. Kxf2 Re2+ 25. Kf1 Qf3# 0-1

[Event "26th WSCC 2016 Open 65+"]
[Site "Marianske Lazne, Czech Republi"]
[Date "2016.11.30"]
[Round "11.104"]
[White "Belokopyt, Boris"]
[Black "Londin, Milan"]
[Result "1-0"]
[WhiteElo "1898"]
[BlackElo "1754"]
[PlyCount "71"]
[EventDate "2016.11.19"]

1. e4 e5 2. Nf3 Nc6 3. Bc4 Bc5 4. c3 Nf6 5. d3 h6 6. O-O O-O 7. d4 exd4 8. cxd4
Bb6 9. d5 Ne7 10. e5 Nh7 11. Nc3 d6 12. Bf4 Ng6 13. Bg3 dxe5 14. Nxe5 Nxe5 15.
Bxe5 Qg5 16. Bg3 Bg4 17. Qc1 Qxc1 18. Raxc1 Nf6 19. Nb5 Ne8 20. h3 Bd7 21. Nc3
a6 22. Rfe1 Nf6 23. Ne4 Nxe4 24. Rxe4 Bf5 25. Re5 Bg6 26. Re7 Rfe8 27. Rxe8+
Rxe8 28. Bb3 Re7 29. Bc4 Kh7 30. b4 a5 31. bxa5 Bxa5 32. a4 Bb4 33. Rd1 Bc2 34.
Bd3+ Bxd3 35. Rxd3 b6 36. Kh2 {Time} 1-0

[Event "26th WSCC 2016 Open 65+"]
[Site "Marianske Lazne, Czech Republi"]
[Date "2016.11.30"]
[Round "11.105"]
[White "Filzmaier, Bruno"]
[Black "Prammer, Franz"]
[Result "1-0"]
[WhiteElo "1760"]
[BlackElo "1864"]
[PlyCount "123"]
[EventDate "2016.11.19"]

1. a3 e5 2. e3 Qe7 3. c4 g6 4. Nc3 Nf6 5. Be2 Bg7 6. d4 d6 7. h3 O-O 8. Nf3 c6
9. b4 b6 10. Bb2 Bb7 11. Qb3 Nbd7 12. O-O c5 13. d5 Rab8 14. b5 h6 15. Qc2 Nh7
16. e4 Ng5 17. Bc1 Nxf3+ 18. Bxf3 Nf6 19. Be3 Kh7 20. a4 Ra8 21. a5 Qc7 22.
axb6 axb6 23. Qb2 Rfb8 24. Na4 Nd7 25. Ra3 f5 26. Rfa1 Ra5 27. Bd2 Ra7 28. R1a2
Rba8 29. Qb1 f4 30. Bg4 Nf8 31. h4 h5 32. Bh3 Bf6 33. g3 Qf7 34. Kg2 g5 35.
hxg5 Bxg5 36. Bf5+ Kh6 37. f3 Ng6 38. Bxg6 Qxg6 39. Qc1 Bh4 40. g4 hxg4 41.
Bxf4+ exf4 42. Qxf4+ Bg5 43. Qxg4 Bc8 44. Qg3 Bc1 45. Qxg6+ Kxg6 46. Rc3 Bf4
47. Rca3 Bb7 48. Kf2 Kf6 49. Ke2 Ke5 50. Kd1 Bc8 51. Kc2 Bg5 52. Kb3 Bd8 53.
Rg2 Rf7 54. Kb2 Bh3 55. f4+ Kd4 56. Rd2+ Kxe4 57. Nc3+ Ke3 58. Re2+ Kd3 59.
Rxa8 Bf6 60. Ra3 Kxc4 61. Re3 Bxc3+ 62. Raxc3+ 1-0

[Event "26th WSCC 2016 Open 65+"]
[Site "Marianske Lazne, Czech Republi"]
[Date "2016.11.30"]
[Round "11.106"]
[White "Bohman, Leif"]
[Black "Patola, Eero"]
[Result "0-1"]
[WhiteElo "1749"]
[BlackElo "1862"]
[PlyCount "44"]
[EventDate "2016.11.19"]

1. d4 f5 2. Nf3 Nf6 3. Bf4 g6 4. e3 Bg7 5. Nbd2 d6 6. h3 O-O 7. Bc4+ e6 8. O-O
Nc6 9. c3 h6 10. Bh2 Kh7 11. Be2 Qe8 12. Qc2 Qf7 13. e4 fxe4 14. Nxe4 Nxe4 15.
Qxe4 Qf5 16. Bd3 Qxe4 17. Bxe4 Ne7 18. Rae1 Rb8 19. Bc2 b5 20. Bb3 Nd5 21. Rc1
Nf4 22. Ne1 Ne2+ 0-1

[Event "26th WSCC 2016 Open 65+"]
[Site "Marianske Lazne, Czech Republi"]
[Date "2016.11.30"]
[Round "11.107"]
[White "Flockerzi, Armin"]
[Black "Zak, Jiri"]
[Result "1/2-1/2"]
[WhiteElo "1860"]
[BlackElo "1628"]
[PlyCount "85"]
[EventDate "2016.11.19"]

1. d4 d5 2. Nf3 Nf6 3. g3 e6 4. Bg2 Be7 5. b3 c6 6. Bb2 Nbd7 7. Nbd2 O-O 8. Qc1
b5 9. c3 Bb7 10. O-O a5 11. a3 c5 12. Re1 Qb6 13. e3 Rac8 14. Qd1 Rc7 15. Rc1
Rfc8 16. Bf1 Bd6 17. Qe2 c4 18. b4 a4 19. Nh4 Nf8 20. f4 Ne4 21. Bg2 f5 22. Rf1
Be7 23. Nhf3 Ng6 24. Ne5 Nxe5 25. fxe5 Rf8 26. Nxe4 fxe4 27. Qg4 Rxf1+ 28. Rxf1
Qc6 29. Bh3 Bc8 30. Qh5 g6 31. Qg4 Qe8 32. Bc1 Bd8 33. Bd2 Rf7 34. Rf4 Rxf4 35.
exf4 Qf7 36. Kf2 Qf5 37. Qxf5 gxf5 38. g4 Bh4+ 39. Ke2 fxg4 40. Bxg4 Kg7 41.
Bh5 Bd7 42. Kf1 Kf8 43. Kg2 $11 1/2-1/2

[Event "26th WSCC 2016 Open 65+"]
[Site "Marianske Lazne, Czech Republi"]
[Date "2016.11.30"]
[Round "11.108"]
[White "Pihlajamaki, Antti"]
[Black "Siewert, Wolfgang"]
[Result "1/2-1/2"]
[WhiteElo "1848"]
[BlackElo "1753"]
[PlyCount "71"]
[EventDate "2016.11.19"]

1. e4 c5 2. Nc3 e6 3. Nf3 a6 4. g3 Nc6 5. d4 cxd4 6. Nxd4 Be7 7. Bg2 Nf6 8. O-O
Qc7 9. Be3 O-O 10. a3 Rb8 11. Qd2 d6 12. h3 Bd7 13. f4 Nxd4 14. Bxd4 Bc6 15.
Rad1 Rfd8 16. Qe3 b5 17. e5 Ne8 18. f5 Bxg2 19. Kxg2 Qc6+ 20. Kh2 exf5 21. Ba7
Rb7 22. Rxf5 g6 23. Rf2 dxe5 24. Rxd8 Bxd8 25. Ne4 f5 26. Nc3 Be7 27. Rd2 Rd7
28. Rxd7 Qxd7 29. Bc5 Bxc5 30. Qxc5 Qd6 31. Qe3 Kg7 32. Ne2 h5 33. Qa7+ Kh6 34.
Qe3+ Kg7 35. Qa7+ Kh6 36. Qe3+ $11 1/2-1/2

[Event "26th WSCC 2016 Open 65+"]
[Site "Marianske Lazne, Czech Republi"]
[Date "2016.11.30"]
[Round "11.109"]
[White "Svec, Ludek"]
[Black "Rehak, Jiri"]
[Result "1/2-1/2"]
[WhiteElo "1702"]
[BlackElo "1846"]
[PlyCount "111"]
[EventDate "2016.11.19"]

1. d4 Nf6 2. Nf3 g6 3. g3 Bg7 4. Bg2 d5 5. O-O O-O 6. c4 dxc4 7. Nbd2 c5 8.
dxc5 c3 9. bxc3 Qd5 10. Qb3 Qxc5 11. Ba3 Qc7 12. Nd4 a6 13. Rad1 Nc6 14. Nxc6
bxc6 15. Qc4 Be6 16. Qxc6 Qxc6 17. Bxc6 Rac8 18. Bf3 Rc7 19. Bb4 Nd5 20. Ba5
Rcc8 21. c4 Nc3 22. Rc1 Na4 23. Rc2 Bh6 24. Rd1 Bxd2 25. Rdxd2 Rxc4 26. Rxc4
Bxc4 27. Rc2 Bb5 28. Bb4 Re8 29. Rc7 e6 30. Bc6 Rb8 31. a3 Nb6 32. Bxb5 axb5
33. Rc5 Nd5 34. e4 Nxb4 35. axb4 f6 36. Kg2 Rb7 37. f4 Kf7 38. Kf3 h5 39. h3
Ke7 40. g4 hxg4+ 41. Kxg4 Kf7 42. h4 Kg7 43. f5 gxf5+ 44. exf5 e5 45. Kh5 Re7
46. Rxb5 e4 47. Rc5 e3 48. Rc1 e2 49. Re1 Re5 50. Kg4 Re4+ 51. Kg3 Kh6 52. b5
Kh5 53. b6 Rg4+ 54. Kf3 Rxh4 55. Rxe2 Rb4 56. Rg2 $11 1/2-1/2

[Event "26th WSCC 2016 Open 65+"]
[Site "Marianske Lazne, Czech Republic - Hotel Cristal and Continental"]
[Date "2016.11.30"]
[Round "11.110"]
[White "Birkestrand, Odd"]
[Black "Marshall, Michael"]
[Result "0-1"]
[WhiteElo "1703"]
[BlackElo "1841"]
[PlyCount "96"]
[EventDate "2016.11.19"]

1. e4 c6 2. d4 d5 3. exd5 cxd5 4. Nf3 Nf6 5. Be2 e6 6. O-O b6 7. Bf4 Bd6 8. Qd2
O-O 9. Nc3 Bb4 10. a3 Ne4 11. Qe3 Nxc3 12. bxc3 Bd6 13. Bd3 Bxf4 14. Qxf4 Nd7
15. h4 Nf6 16. g4 Bb7 17. g5 Ne4 18. h5 f6 19. Qg4 Qe7 20. Rfe1 f5 21. Qf4 Rac8
22. Kg2 Rxc3 23. Rg1 Rcc8 24. Kf1 Bc6 25. Ne5 Be8 26. f3 Nd6 27. g6 h6 28. Re1
Kh8 29. Re2 Rc3 30. Reg2 Rxa3 31. Qxh6+ gxh6 32. g7+ Qxg7 33. Rxg7 Ra1+ 34. Kf2
Rxg1 35. Rxg1 Rg8 36. Ra1 a5 37. f4 Kg7 38. Rg1+ Kf8 39. Rh1 Ke7 40. c4 dxc4
41. Bxc4 b5 42. Be2 Ne4+ 43. Ke1 Kd6 44. Bd1 a4 45. Nf3 Rg4 46. Rh4 Rxh4 47.
Nxh4 Kd5 48. Bc2 Kxd4 0-1

[Event "26th WSCC 2016 Open 65+"]
[Site "Marianske Lazne, Czech Republic - Hotel Cristal and Continental"]
[Date "2016.11.30"]
[Round "11.112"]
[White "Dalling, Peter"]
[Black "Mohammadian, Mohammad"]
[Result "1-0"]
[WhiteElo "1817"]
[BlackElo "1683"]
[PlyCount "89"]
[EventDate "2016.11.19"]

1. Nc3 e5 2. e4 Nf6 3. Nf3 d6 4. Bc4 Be7 5. d3 Bg4 6. Be3 Nc6 7. a4 a6 8. Qd2
h6 9. Nd5 Qd7 10. b4 O-O 11. h3 Be6 12. g4 Nh7 13. Bb3 b5 14. a5 Bd8 15. O-O-O
Ne7 16. Rdg1 Bxd5 17. exd5 Ng6 18. h4 f5 19. gxf5 Qxf5 20. Rg3 Nf4 21. Rhg1 Bf6
22. Bxf4 exf4 23. Rg4 Rf7 24. Kb1 Qh5 25. c4 bxc4 26. dxc4 Kh8 27. Bc2 g5 28.
hxg5 hxg5 29. Nd4 Qh3 30. f3 Rb8 31. Be4 Re7 32. R1g2 Qh1+ 33. Rg1 Qh3 34. Ne6
Rg8 35. R4g2 Rxe6 36. dxe6 Qxe6 37. Qd5 Qd7 38. Rh2 Rg7 39. Rgh1 Bc3 40. Rxh7+
Rxh7 41. Rxh7+ Qxh7 42. Bxh7 Kxh7 43. b5 Bxa5 44. bxa6 Bb6 45. Qxg5 1-0

[Event "26th WSCC 2016 Open 65+"]
[Site "Marianske Lazne, Czech Republic - Hotel Cristal and Continental"]
[Date "2016.11.30"]
[Round "11.114"]
[White "Bobbia, Mario"]
[Black "Dvorsky, David"]
[Result "1-0"]
[WhiteElo "1850"]
[BlackElo "1594"]
[PlyCount "87"]
[EventDate "2016.11.19"]

1. e4 e5 2. Nf3 Nc6 3. Bb5 a6 4. Ba4 Nf6 5. O-O Be7 6. Re1 b5 7. Bb3 d6 8. h3
h6 9. c3 Na5 10. Bc2 c5 11. d4 Qc7 12. Nbd2 Bd7 13. Nf1 Rc8 14. Ne3 O-O 15. Bb1
Nc4 16. Bd3 Nxe3 17. Bxe3 c4 18. Bc2 Rcd8 19. Rc1 Nh7 20. Bd2 Bf6 21. d5 Qc8
22. Kh2 Kh8 23. Ng1 Bg5 24. Bxg5 hxg5 25. g4 g6 26. f3 Kg7 27. Ne2 f5 28. exf5
gxf5 29. Ng3 fxg4 30. hxg4 Be8 31. Nf5+ Kh8 32. Kg3 Bg6 33. Rh1 Qd7 34. Rh6 Qf7
35. Qe2 Qf6 36. Rch1 Rg8 37. Kg2 Rd7 38. R1h3 Rf7 39. Qf1 Qd8 40. Qh1 Qc7 41.
Be4 a5 42. Nxd6 Rfg7 43. Bxg6 Qxd6 44. Rxh7+ 1-0

[Event "26th WSCC 2016 Open 65+"]
[Site "Marianske Lazne, Czech Republic - Hotel Cristal and Continental"]
[Date "2016.11.30"]
[Round "11.115"]
[White "Peierl, Walter"]
[Black "Vagner, Grigorij"]
[Result "0-1"]
[WhiteElo "1741"]
[BlackElo "1849"]
[PlyCount "63"]
[EventDate "2016.11.19"]

1. e4 e6 2. d4 d5 3. Nd2 Nf6 4. e5 Nfd7 5. Bd3 c5 6. c3 Nc6 7. Ne2 Qb6 8. Nf3
cxd4 9. cxd4 Bb4+ 10. Bd2 O-O 11. O-O Be7 12. a3 Re8 13. b4 Bf8 14. Qe1 a6 15.
Be3 Qd8 16. Qd1 Nb6 17. Rc1 Bd7 18. Ng3 Rc8 19. Bxh7+ Kh8 20. Bc2 Be7 21. Qd3
g6 22. Nh5 Rg8 23. Nf6 Bxf6 24. exf6 Qxf6 25. Bg5 Qg7 26. Rfe1 f6 27. Bh4 Nc4
28. Nd2 g5 29. Bg3 Ne7 30. Nxc4 Rxc4 31. Qe3 Rgc8 32. Qe2 {... 41 moves} 0-1

[Event "26th WSCC 2016 Open 65+"]
[Site "Marianske Lazne, Czech Republic - Hotel Cristal and Continental"]
[Date "2016.11.30"]
[Round "11.116"]
[White "Korenevski, Oleg"]
[Black "Kaldybayev, Orazbek"]
[Result "0-1"]
[WhiteElo "1823"]
[BlackElo "1793"]
[PlyCount "120"]
[EventDate "2016.11.19"]

1. d4 d5 2. Nf3 c6 3. e3 g6 4. Bd3 Bg7 5. h3 Nf6 6. Nbd2 Nbd7 7. O-O O-O 8. b3
b6 9. Bb2 Bb7 10. Rc1 c5 11. c4 Ne4 12. cxd5 Nxd2 13. Qxd2 Bxd5 14. e4 Bb7 15.
d5 Nf6 16. Rfe1 Re8 17. Bb5 Rf8 18. Rcd1 a6 19. Bf1 Qc8 20. a4 Rd8 21. Qe2 Ne8
22. Ne5 Qc7 23. Nd3 Bxb2 24. Qxb2 Ng7 25. Qc3 e6 26. dxe6 Nxe6 27. f3 Rd4 28.
Nb2 Rad8 29. Rxd4 Rxd4 30. Rd1 Qd8 31. Be2 Nf4 32. Kf1 Qg5 33. g4 Rxd1+ 34.
Nxd1 Qh4 35. Nf2 Qg3 36. Qe3 Nxh3 37. Nxh3 Qxh3+ 38. Ke1 Qg3+ 39. Kd2 Qd6+ 40.
Kc2 Kg7 41. Qc3+ f6 42. Qe3 g5 43. Bc4 Kf8 44. Qe2 a5 45. Qd2 Ke7 46. Qxd6+
Kxd6 47. Kd3 Ke5 48. Ke3 Bc6 49. Bg8 h6 50. Bc4 Be8 51. Be2 h5 52. gxh5 Bxh5
53. Bd1 Bf7 54. Bc2 c4 55. bxc4 Bxc4 56. Bd1 b5 57. axb5 Bxb5 58. Bb3 a4 59.
Ba2 Bd7 60. Kd3 Be6 0-1

[Event "26th WSCC 2016 Open 65+"]
[Site "Marianske Lazne, Czech Republic - Hotel Cristal and Continental"]
[Date "2016.11.30"]
[Round "11.117"]
[White "Scholtyssek, Werner"]
[Black "Weyand, Fernand"]
[Result "1/2-1/2"]
[WhiteElo "1734"]
[BlackElo "1816"]
[PlyCount "31"]
[EventDate "2016.11.19"]

1. e4 c6 2. Nc3 d5 3. d4 dxe4 4. Nxe4 Bf5 5. Ng3 Bg6 6. Nf3 Nd7 7. Bd3 Bxd3 8.
Qxd3 Qc7 9. O-O e6 10. a3 Bd6 11. Ne4 Ngf6 12. Nxd6+ Qxd6 13. Re1 O-O 14. Be3
Rfd8 15. Bg5 h6 16. Bh4 1/2-1/2

[Event "26th WSCC 2016 Open 65+"]
[Site "Marianske Lazne, Czech Republic - Hotel Cristal and Continental"]
[Date "2016.11.30"]
[Round "11.118"]
[White "Rychtecky, Pavel"]
[Black "Kolek, Josef"]
[Result "0-1"]
[WhiteElo "1601"]
[BlackElo "1801"]
[PlyCount "62"]
[EventDate "2016.11.19"]

1. e4 c5 2. Nf3 Nc6 3. d4 cxd4 4. Nxd4 g6 5. Be3 Bg7 6. Nc3 d6 7. Qd2 Nf6 8. f3
O-O 9. O-O-O Bd7 10. h4 h5 11. Kb1 a6 12. Nxc6 bxc6 13. Bc4 Qa5 14. Ne2 Qxd2
15. Rxd2 Rfb8 16. Bd4 e6 17. Bb3 d5 18. e5 Ne8 19. g4 hxg4 20. fxg4 f6 21. exf6
Nxf6 22. g5 Ne4 23. Rd3 e5 24. Be3 Be6 25. Rg1 a5 26. a3 a4 27. Ba2 Bf7 28. Ng3
Nxg3 29. Bc1 Ne2 30. Rf1 Nxc1 31. Kxc1 e4 0-1

[Event "26th WSCC 2016 Open 65+"]
[Site "Marianske Lazne, Czech Republic - Hotel Cristal and Continental"]
[Date "2016.11.30"]
[Round "11.119"]
[White "Maman, Emanuel"]
[Black "Brhlik, Antonin"]
[Result "0-1"]
[WhiteElo "1800"]
[BlackElo "1732"]
[PlyCount "50"]
[EventDate "2016.11.19"]

1. e4 c5 2. Nf3 Nc6 3. c4 Nf6 4. Nc3 e5 5. d3 d6 6. Be2 Be7 7. O-O O-O 8. Nd5
Nxd5 9. cxd5 Nd4 10. Nxd4 cxd4 11. f4 f5 12. fxe5 dxe5 13. Qb3 Bd6 14. exf5 Qe7
15. g4 Qh4 16. Rf2 g6 17. Bd2 gxf5 18. gxf5 Kh8 19. Raf1 Rg8+ 20. Kh1 Rg3 21.
Be1 Qh3 22. Qb5 Bxf5 23. Bf3 Rag8 24. Be4 Bxe4+ 25. dxe4 Rg2 0-1

[Event "26th WSCC 2016 Open 65+"]
[Site "Marianske Lazne, Czech Republic - Hotel Cristal and Continental"]
[Date "2016.11.30"]
[Round "11.120"]
[White "Lacha, Jan"]
[Black "Kosina, Vladimir"]
[Result "1/2-1/2"]
[WhiteElo "1796"]
[BlackElo "1715"]
[PlyCount "40"]
[EventDate "2016.11.19"]

1. d4 Nf6 2. Nc3 d5 3. Bg5 e6 4. e4 Be7 5. e5 Nfd7 6. h4 a6 7. Bxe7 Qxe7 8. Qg4
f5 9. Qh5+ Qf7 10. Qxf7+ Kxf7 11. f4 b5 12. Nf3 Bb7 13. h5 Nc6 14. Rg1 g6 15.
h6 Rhe8 16. Nd1 Nf8 17. Ne3 Ke7 18. g4 Nd8 19. Bh3 Nf7 20. g5 Rec8 1/2-1/2

[Event "26th WSCC 2016 Open 65+"]
[Site "Marianske Lazne, Czech Republic - Hotel Cristal and Continental"]
[Date "2016.11.30"]
[Round "11.122"]
[White "Wibe, Per H"]
[Black "Svoboda, Zdenek"]
[Result "1-0"]
[WhiteElo "1805"]
[BlackElo "1659"]
[PlyCount "79"]
[EventDate "2016.11.19"]

1. d4 c6 2. Bf4 d5 3. Nf3 Bf5 4. c3 e6 5. e3 Bd6 6. Bd3 Bg4 7. Nbd2 Qc7 8. Bxd6
Qxd6 9. Qc2 Nf6 10. Ne5 Bh5 11. h3 Nbd7 12. Qb3 Rb8 13. f4 a6 14. g4 Bg6 15.
Qc2 Ne4 16. Nxe4 dxe4 17. Bxe4 Nf6 18. Bxg6 hxg6 19. e4 Nxg4 20. Nxg4 Qxf4 21.
Nf2 g5 22. Qd2 Ke7 23. Qxf4 gxf4 24. O-O-O g5 25. Rdg1 f6 26. e5 Rh4 27. exf6+
Kxf6 28. Ne4+ Kf5 29. Nxg5 Rg8 30. Nf3 Rxg1+ 31. Nxg1 Ke4 32. Kd2 f3 33. Rh2
Kf4 34. Rf2 Kg3 35. Ke1 Re4+ 36. Kf1 Re3 37. h4 Rd3 38. Rxf3+ Rxf3+ 39. Nxf3
Kxf3 40. h5 1-0

[Event "26th WSCC 2016 Open 65+"]
[Site "Marianske Lazne, Czech Republic - Hotel Cristal and Continental"]
[Date "2016.11.30"]
[Round "11.123"]
[White "Zurel, Maxim"]
[Black "Freeke, Kees"]
[Result "1/2-1/2"]
[WhiteElo "1635"]
[BlackElo "1791"]
[PlyCount "118"]
[EventDate "2016.11.19"]

1. e4 e5 2. Nf3 Nc6 3. Bb5 a6 4. Bxc6 dxc6 5. O-O Bg4 6. d3 Qf6 7. Nbd2 Ne7 8.
h3 h5 9. Nc4 Bxf3 10. Qxf3 Qxf3 11. gxf3 Ng6 12. Be3 O-O-O 13. Kh1 Be7 14. Rg1
Bf6 15. Nd2 b6 16. Nf1 Nf4 17. Bxf4 exf4 18. Rb1 Rhg8 19. Nd2 g5 20. Rg2 Be5
21. b3 b5 22. Rbg1 f6 23. a3 h4 24. b4 Kb7 25. Rb1 Rge8 26. Rb3 Kb6 27. Rg1 Bd4
28. Kg2 Be5 29. Nf1 c5 30. bxc5+ Kxc5 31. Nh2 Kd6 32. c3 c5 33. Kf1 Ke6 34. Ke2
Rb8 35. Ng4 Bd6 36. Rgb1 Rec8 37. c4 bxc4 38. dxc4 Rxb3 39. Rxb3 Rb8 40. Rxb8
Bxb8 41. Nh6 Bc7 42. Kd3 Kd7 43. Kc2 Ba5 44. Kb3 Kc6 45. Ng4 Bd8 46. Nh6 Bc7
47. Ka4 Kb6 48. Ng8 Be5 49. Ne7 Bd4 50. Nd5+ Kb7 51. Kb3 Be5 52. Kc2 Bd4 53.
Kd3 Be5 54. a4 a5 55. Ne7 Kc7 56. Ng8 Kd6 57. Nh6 Ke6 58. Ng4 Kd6 59. Nh6 Ke6
1/2-1/2

[Event "26th WSCC 2016 Open 65+"]
[Site "Marianske Lazne, Czech Republic - Hotel Cristal and Continental"]
[Date "2016.11.30"]
[Round "11.124"]
[White "Palla, Ivan"]
[Black "Mella, Aage"]
[Result "1/2-1/2"]
[WhiteElo "1514"]
[BlackElo "1781"]
[PlyCount "29"]
[EventDate "2016.11.19"]

1. Nf3 c5 2. g3 g6 3. Bg2 Bg7 4. O-O Nc6 5. c3 e6 6. e4 d6 7. Na3 Nge7 8. Nc2
O-O 9. Rb1 Rb8 10. b3 b6 11. Bb2 Qc7 12. d4 d5 13. e5 c4 14. b4 b5 15. Ne3
1/2-1/2

[Event "26th WSCC 2016 Open 65+"]
[Site "Marianske Lazne, Czech Republic - Hotel Cristal and Continental"]
[Date "2016.11.30"]
[Round "11.125"]
[White "Gutt, Gregory"]
[Black "Glacner, Karel"]
[Result "1/2-1/2"]
[WhiteElo "1766"]
[BlackElo "1629"]
[PlyCount "65"]
[EventDate "2016.11.19"]

1. e4 e5 2. Nf3 f5 3. d4 fxe4 4. Nxe5 Qf6 5. Bc4 c6 6. Bf7+ Kd8 7. Bxg8 Rxg8 8.
Bg5 d6 9. Bxf6+ gxf6 10. g3 d5 11. Nc3 fxe5 12. Nxe4 dxe4 13. dxe5+ Kc7 14. Qd4
Bf5 15. O-O Na6 16. Qe3 Bc5 17. Qf4 Raf8 18. Rad1 Bh3 19. Qxe4 Bxf1 20. Qxh7+
Kb6 21. Rxf1 Rg5 22. Qe4 Rff5 23. c3 Rxe5 24. Qc2 Kc7 25. Kg2 Rg7 26. a4 Rge7
27. b4 Bd6 28. Rd1 Rd7 29. Rd2 Ree7 30. Qf5 Rf7 31. Qa5+ Kb8 32. b5 Bc7 33.
Rxd7 1/2-1/2

[Event "26th WSCC 2016 Open 65+"]
[Site "Marianske Lazne, Czech Republic - Hotel Cristal and Continental"]
[Date "2016.11.30"]
[Round "11.126"]
[White "Zelenka, Pavel"]
[Black "Hasberger, Walter"]
[Result "1/2-1/2"]
[WhiteElo "1563"]
[BlackElo "1739"]
[PlyCount "42"]
[EventDate "2016.11.19"]

1. d4 d5 2. Nf3 Nf6 3. c4 c6 4. Nc3 e6 5. Bg5 Be7 6. e3 Nbd7 7. Bd3 O-O 8. O-O
h6 9. Bh4 b6 10. cxd5 exd5 11. Rc1 Bb7 12. Qa4 b5 13. Qd1 a5 14. Qe2 b4 15. Na4
Ne4 16. Bxe7 Qxe7 17. Nd2 f5 18. Nb3 Rfe8 19. Rfe1 g6 20. f3 Nd6 21. Nbc5 Nxc5
1/2-1/2

[Event "26th WSCC 2016 Open 65+"]
[Site "Marianske Lazne, Czech Republic - Hotel Cristal and Continental"]
[Date "2016.11.30"]
[Round "11.128"]
[White "Ostrowski, Michal"]
[Black "Benes, Karel"]
[Result "0-1"]
[WhiteElo "1223"]
[BlackElo "1700"]
[PlyCount "48"]
[EventDate "2016.11.19"]

1. b4 e5 2. Bb2 d6 3. c4 Nf6 4. Nc3 Be6 5. e3 Be7 6. Be2 O-O 7. Nf3 Nbd7 8. O-O
h6 9. Qc2 c6 10. a3 Rc8 11. Rad1 Qc7 12. d4 Rfd8 13. Rd2 d5 14. c5 e4 15. Ne5
Nxe5 16. dxe5 Nd7 17. f4 exf3 18. Bxf3 Nxe5 19. Be2 Ng4 20. Bxg4 Bxg4 21. Rdf2
Bh5 22. Nd1 Rf8 23. Bd4 Bg6 24. Qc3 f6 0-1

[Event "26th WSCC 2016 Open 65+"]
[Site "Marianske Lazne, Czech Republic - Hotel Cristal and Continental"]
[Date "2016.11.30"]
[Round "11.129"]
[White "Schramek, Kurt"]
[Black "Zikavsky, Rudolf"]
[Result "1/2-1/2"]
[WhiteElo "1602"]
[BlackElo "1632"]
[PlyCount "53"]
[EventDate "2016.11.19"]

1. d4 d5 2. Bf4 g6 3. Nc3 Bg7 4. Qd2 Nf6 5. Bh6 O-O 6. Bxg7 Kxg7 7. h3 c6 8.
Nf3 Nbd7 9. e3 Qc7 10. Be2 e5 11. dxe5 Nxe5 12. O-O-O Nxf3 13. Bxf3 Qe5 14. Qd4
Qxd4 15. exd4 Be6 16. Rhe1 Rae8 17. Re3 Bd7 18. Rde1 Rxe3 19. Rxe3 Re8 20. Rxe8
Bxe8 21. Kd2 h5 22. Ke3 g5 23. g3 Kg6 24. b4 b5 25. a4 a6 26. a5 Bd7 27. Bg2
$11 1/2-1/2